000 01026nam a22003017a 4500
001 BR7803530
003 BR-BrBNA
005 20230928085620.0
007 ta
008 230509b bl.||||| |||| 00| 0 por d
040 _aBR-BrBNA
_bpor
_cBiblioteca Nacional de Agricultura
041 _a(Por)
072 _aC00; E30; D10
_b/G514
090 _ C00 BR7803530
110 1 _aSecretaria Nacional de Planejamento Agricola, Brasilia, DF (Brasil). Secretaria de Desenvolvimento Administrativo
_99218
245 1 _aPrograma regional de planejamento agricola. Curso intensivo de administracao de projetos de defesa agropecuaria [Brasil]
_bConvenio: MA/SUPLAN/EIAP
260 3 _aBrasilia, DF (Brasil):
_c[nd].
300 _a17 p.
500 _aPublished after 1978
650 _aEducacao
650 _aPlanejamento agricola
650 _aAdministracao publica
650 _aCurso
650 _aProjeto de desenvolvimento
650 _aModernizacao administrativa
909 _a202309
_bLucia
_c55
_dLucia Elande
942 _cBK
999 _c25400
_d25400